00619cam a22002053a 450000100060000000300060000600500170001200800410002904000150007004200070008505000070009224500940009926000290019350600300022251600200025265300310027265300390030383000290034285600420037113971PGUSA20140828083311.0041108s2004||||xxu|||||s|||||000 | eng d aPGUSAbeng adc 4aPR14aThe Fifteen Comforts of Matrimony :bResponses from Menh[electronic resource] /cVarious bProject Gutenberg,c2004 aPublic domain in the USA. aElectronic text aErotic literature, English aEnglish literature -- 18th century 0aProject Gutenbergv1397140uhttp://www.gutenberg.org/ebooks/13971